Central Library OPAC University of Rajshahi

Appreciation and interpretation of religion in the modern age / (Record no. 31944)

MARC details
000 -LEADER
fixed length control field 01205nam a2200301 a 4500
001 - CONTROL NUMBER
control field 31944
003 - CONTROL NUMBER IDENTIFIER
rucl marc code BD-RjUL
005 - DATE AND TIME OF LATEST TRANSACTION
control field 20211209051753.0
008 - FIXED-LENGTH DATA ELEMENTS--GENERAL INFORMATION
fixed length control field 1982 s1982 ii b 000 0 eng d
035 ## - SYSTEM CONTROL NUMBER
System control number (BD-RjUL)32033
040 ## - CATALOGING SOURCE
Original cataloging agency BD-RjUL
Language of cataloging eng
Transcribing agency BD-RjUL
041 1# - LANGUAGE CODE
Language code of text/sound track or separate title eng
Language code of original urd
082 ## - DEWEY DECIMAL CLASSIFICATION NUMBER
Classification number 297.09049
Author mark and year HUA 1982
100 1# - MAIN ENTRY--PERSONAL NAME
Personal name Husair, Syed Athar
Dates associated with a name 1913-
9 (RLIN) 97255
245 10 - TITLE STATEMENT
Title Appreciation and interpretation of religion in the modern age /
Statement of responsibility, etc. translation of Abul Hasan Ali Nadwi's Asr-e hazir men din ki tafhim aur tashrih (at-Tafsir-us-siyasi lil-Islam) by Athar Husain.
246 33 - VARYING FORM OF TITLE
Title proper/short title Tafsīr al-siyāsī lil-Islām
260 ## - PUBLICATION, DISTRIBUTION, ETC. (IMPRINT)
Place of publication, distribution, etc. Lucknow, India :
Name of publisher, distributor, etc. Academy of Islamic Research Publications,
Date of publication, distribution, etc. 1982.
300 ## - PHYSICAL DESCRIPTION
Pagination 112 p.;
Size 23 cm.
490 1# - SERIES STATEMENT
Series statement Series / Academy of Islamic Research & Publications ;
504 ## - BIBLIOGRAPHY, ETC. NOTE
Bibliography, etc Includes bibliographical references
650 #0 - SUBJECT ADDED ENTRY--TOPICAL TERM
Topical term or geographic name as entry element Islam and politics.
9 (RLIN) 97256
Topical term or geographic name as entry element Muslims
Geographic subdivision India.
9 (RLIN) 97257
700 ## - ADDED ENTRY--PERSONAL NAME
Personal name Nadvī, Abulḥasan ʿAlī,
830 #0 - SERIES ADDED ENTRY--UNIFORM TITLE
Volume number/sequential designation no.154.
830 #0 - SERIES ADDED ENTRY--UNIFORM TITLE
Uniform title Series (Academy of Islamic Research & Publications (Lucknow, India)) ;
942 ## - ADDED ENTRY ELEMENTS (KOHA)
Source of classification or shelving scheme Dewey Decimal Classification
Koha item type Books
Holdings
Lost status Source of classification or shelving scheme Damaged status Not for loan Collection code Permanent Location Current Location Shelving location Date acquired Source of acquisition Cost, normal purchase price Total Checkouts Full call number Date last seen Copy number Koha item type
  Dewey Decimal Classification   Not For Loan Non-fiction Central Library, University of Rajshahi Central Library, University of Rajshahi Reading Room 30/04/1992 Abacus, London. 0.73   297.09049 HUA 1982 23/04/2014 C-1 Books